Mala na padlele swapna (Record no. 92106)

MARC details
000 -LEADER
fixed length control field 00470nam a2200181Ia 4500
008 - FIXED-LENGTH DATA ELEMENTS--GENERAL INFORMATION
fixed length control field 230125s9999 xx 000 0 und d
041 ## - LANGUAGE CODE
Language code of text/sound track or separate title eng
082 ## - DEWEY DECIMAL CLASSIFICATION NUMBER
Classification number 891.463
Item number MOK
100 ## - MAIN ENTRY--PERSONAL NAME
Personal name Mokashi B V
9 (RLIN) 114625
245 ## - TITLE STATEMENT
Title Mala na padlele swapna
260 ## - PUBLICATION, DISTRIBUTION, ETC. (IMPRINT)
Date of publication, distribution, etc. 1986
Name of publisher, distributor, etc. Advaita ashrama pub
300 ## - PHYSICAL DESCRIPTION
Extent 160p
500 ## - GENERAL NOTE
Keywords Literature;Marathi Literature
500 ## - GENERAL NOTE
Keywords Marathi book
650 ## - SUBJECT ADDED ENTRY--TOPICAL TERM
Topical term or geographic name as entry element Marathi Literature
700 ## - ADDED ENTRY--PERSONAL NAME
Personal name Mokashi B V
9 (RLIN) 114625
Holdings
Withdrawn status Lost status Damaged status Not for loan Home library Current library Date acquired Vendor Cost, normal purchase price Full call number Barcode Date last seen Cost, replacement price Bill Date Koha item type Original Barcode
        Smt. Hiraben Nanavati Institute of Management & Research for Women Smt. Hiraben Nanavati Institute of Management & Research for Women 29/06/1998 Satya Gilani 50.00 891.463 MOK DB0083 HIMR-DB-83 25/01/2023 50.00 29/06/1998 Donated Book DB0083